[Event "IMSA Blitz Women 2019"]
[Site "Hengshui"]
[Date "2019.05.17"]
[Round "4.1"]
[White "Gunina, Valentina"]
[Black "Harika, Dronavalli"]
[Result "1/2-1/2"]
[WhiteElo "2506"]
[BlackElo "2492"]
[Annotator "RC"]
[PlyCount "138"]
[EventDate "2019.05.17"]
[EventType "blitz"]
[EventCountry "CHN"]
[SourceTitle "playchess.com"]
[Source "ChessBase"]
[SourceQuality "1"]
[TimeControl "180+2"]

1. e4 {[%emt 0:00:00]} e6 {[%emt 0:00:00]} 2. d4 {[%emt 0:00:02]} d5 {[%emt 0:00:00]} 3. Nd2 {[%emt 0:00:01]} c5 {[%emt 0:00:00]} 4. Ngf3 {[%emt 0:00:02]} cxd4 {[%emt 0:00:00]} 5. exd5 {[%emt 0:00:01]} Qxd5 {[%emt 0:00:01]} 6. Bc4 {[%emt 0:00:01]} Qd8 {[%emt 0:00:01]} 7. O-O {[%emt 0:00:02]} Nc6 {[%emt 0:00:01]} 8. Nb3 {[%emt 0:00:01]} a6 {[%emt 0:00:07]} 9. Nbxd4 {[%emt 0:00:02]} Nxd4 {[%emt 0:00:01]} 10. Nxd4 {[%emt 0:00:02]} Qc7 {[%emt 0:00:01]} 11. Qe2 {[%emt 0:00:08]} Bd6 {[%emt 0:00:04]} 12. h3 {[%emt 0:00:04]} Ne7 {[%emt 0:00:02]} 13. c3 {[%emt 0:00:07]} O-O {[%emt 0:00:23]} 14. Be3 {[%emt 0:00:05]} Ng6 {[%emt 0:00:08]} 15. Bb3 {[%emt 0:00:05]} e5 {[%emt 0:00:15]} 16. Nf3 {[%emt 0:00:08]} Bf5 {[%emt 0:00:06]} 17. Rad1 {[%emt 0:00:04]} Rad8 {[%emt 0:00:06]} 18. Qc4 {[%emt 0:00:12]} h6 {[%emt 0:00:15]} 19. Rfe1 {[%emt 0:00:18]} Qxc4 {[%emt 0:00:07]} 20. Bxc4 {[%emt 0:00:01]} Bc7 {[%emt 0:00:00]} 21. Bd5 {[%emt 0:00:07]} b6 {[%emt 0:00:20]} 22. Bb7 {[%emt 0:00:06]} a5 {[%emt 0:00:05]} 23. Bc6 {[%emt 0:00:10]} Ne7 {[%emt 0:00:12]} 24. Bb5 {[%emt 0:00:06]} Be6 {[%emt 0:00:02]} 25. c4 {[%emt 0:00:11]} Nf5 {[%emt 0:00:06]} 26. Bc1 {[%emt 0:00:09]} f6 {[%emt 0:00:03]} 27. b3 {[%emt 0:00:04]} Rxd1 {[%emt 0:00:07]} 28. Rxd1 {[%emt 0:00:01]} Rd8 {[%emt 0:00:00]} 29. Rxd8+ {[%emt 0:00:07]} Bxd8 {[%emt 0:00:01]} 30. g4 {[%emt 0:00:16]} Nd6 {[%emt 0:00:07]} 31. Bc6 {[%emt 0:00:01]} Kf7 {[%emt 0:00:03]} 32. Ba3 {[%emt 0:00:01]} Be7 {[%emt 0:00:02]} 33. Nd2 {[%emt 0:00:12]} Nc8 {[%emt 0:00:15]} 34. Bb2 {[%emt 0:00:04]} Bb4 {[%emt 0:00:01]} 35. Ne4 {[%emt 0:00:03]} Nd6 {[%emt 0:00:17]} 36. a3 {[%emt 0:00:01]} Nxe4 {[%emt 0:00:17]} 37. axb4 {[%emt 0:00:01]} Nd2 {[%emt 0:00:02]} 38. bxa5 bxa5 {[%emt 0:00:01]} 39. Ba4 {[%emt 0:00:11]} Ne4 {[%emt 0:00:01]} 40. Ba3 {[%emt 0:00:10]} h5 {[%emt 0:00:04]} 41. f3 {[%emt 0:00:07]} Nd2 {[%emt 0:00:04]} 42. Kf2 {[%emt 0:00:05]} e4 {[%emt 0:00:02]} 43. fxe4 {[%emt 0:00:13]} Nxe4+ {[%emt 0:00:01]} 44. Kf3 {[%emt 0:00:03]} Ng5+ {[%emt 0:00:02]} 45. Kg3 {[%emt 0:00:04]} hxg4 {[%emt 0:00:01]} 46. hxg4 {[%emt 0:00:01]} Ne4+ {[%emt 0:00:01]} 47. Kf4 {[%emt 0:00:05]} Nf2 {[%emt 0:00:03]} 48. Bd6 {[%emt 0:00:12]} Nxg4 {[%emt 0:00:02]} 49. Bc7 {[%emt 0:00:01]} g5+ {[%emt 0:00:02]} 50. Kf3 {[%emt 0:00:06]} Ne5+ {[%emt 0:00:02]} 51. Ke4 {[%emt 0:00:02]} Nxc4 {[%emt 0:00:07]} 52. bxc4 {[%emt 0:00:03]} Bxc4 {[%emt 0:00:01]} 53. Bxa5 {[%emt 0:00:02]} Be6 {[%emt 0:00:01]} 54. Kd4 {[%emt 0:00:04]} Ba2 {[%emt 0:00:10]} 55. Bd1 {[%emt 0:00:03]} Be6 {[%emt 0:00:02]} 56. Kc5 {[%emt 0:00:01]} Kg6 {[%emt 0:00:09]} 57. Bc3 {[%emt 0:00:02]} f5 {[%emt 0:00:02]} 58. Kd6 {[%emt 0:00:01]} Bc8 {[%emt 0:00:05]} 59. Bc2 {[%emt 0:00:01]} g4 {[%emt 0:00:02]} 60. Be5 {[%emt 0:00:04]} Kg5 {[%emt 0:00:02]} 61. Kc5 {[%emt 0:00:05]} f4 {[%emt 0:00:03]} 62. Kd4 {[%emt 0:00:03]} Bf5 {[%emt 0:00:03]} 63. Bd1 {[%emt 0:00:02]} g3 {[%emt 0:00:01]} 64. Bf3 {[%emt 0:00:01]} Bg4 {[%emt 0:00:01]} 65. Bb7 {[%emt 0:00:02]} Bf5 {[%emt 0:00:01]} 66. Bc7 {[%emt 0:00:03]} Kg4 {[%emt 0:00:01]} 67. Bg2 {[%emt 0:00:07]} f3 {[%emt 0:00:01]} 68. Bxf3+ {[%emt 0:00:01]} Kxf3 {[%emt 0:00:00]} 69. Bxg3 {[%emt 0:00:01]} Kxg3 {[%emt 0:00:01] Ke4} 1/2-1/2

[Event "IMSA Blitz Women 2019"]
[Site "Hengshui"]
[Date "2019.05.17"]
[Round "4.1"]
[White "Zhao, Xue"]
[Black "Krush, Irina"]
[Result "0-1"]
[WhiteElo "2485"]
[BlackElo "2422"]
[Annotator "TA"]
[PlyCount "78"]
[EventDate "2019.05.17"]
[EventType "blitz"]
[EventCountry "CHN"]
[SourceTitle "playchess.com"]
[Source "ChessBase"]
[SourceQuality "1"]

{[%evp 21,78,0,0,-8,7,16,15,-6,16,13,15,4,4,0,0,-58,-39,-71,-58,-57,-10,-73,-52,-50,-46,-46,-46,-57,-46,-42,-27,-32,-25,-37,-21,-60,-66,-65,-47,-68,20,0,30,0,13,-22,23,0,40,45,56,47,50,0,8,8,11,0,0]} 1. c4 c5 2. Nf3 Nc6 3. g3 g6 4. Bg2 Bg7 5. O-O e6 6. Nc3 Nge7 7. d4 cxd4 8. Nb5 d5 9. cxd5 Nxd5 10. Nbxd4 Nxd4 11. Nxd4 O-O 12. e4 {A37: Symmetrical English vs ...g6: 4 Bg2 Bg7 5 Nf3} (12. a3 Qb6 13. e3 Rd8 14. Qe2 e5 15. Nf3 Bd7 16. a4 Nb4 17. e4 Rac8 18. Bg5 f6 19. Bd2 Nc2 {1-0 (28) Shaposhnikov,E (2576)-Rechlis,G (2521) St Petersburg 2018}) 12... Nb4 13. Be3 Bd7 14. Qe2 $146 ({Predecessor:} 14. Qb3 Nc6 15. Rfd1 Nxd4 16. Bxd4 Bxd4 17. Rxd4 Qc7 18. Rad1 Bc6 19. Rd6 Qa5 {½-½ (32) Higashino,T (1978)-Otawa,Y (1895) Tokyo 2018}) 14... Nc6 15. Nb5 a6 16. Nd6 Nd4 17. Bxd4 Bxd4 18. Rfd1 (18. e5 $11) 18... e5 $1 $36 {[%mdl 2048] Black fights for an advantage.} 19. Nc4 Qe7 20. Ne3 Be6 21. Nd5 (21. Nf5 $11 Bxf5 22. exf5) 21... Bxd5 22. exd5 {[#] Threatens to win with Rxd4!} Qd6 23. Rac1 Rac8 24. Rc2 Rc5 25. Rdc1 Rfc8 26. Rxc5 Bxc5 27. Kf1 {[#] b4! is the strong threat.} a5 28. b3 Kg7 29. Rc2 f5 30. g4 f4 ({Black should play} 30... Rf8 $15) 31. Be4 b6 32. Kg2 Rf8 33. g5 Qd7 (33... f3+ $5 34. Bxf3 Rf4 $11) 34. h4 f3+ 35. Bxf3 Qd6 36. Rc4 Rf5 37. Re4 Bd4 {The position is equal.} 38. Rg4 Qc5 39. Kg3 Qc7 {[%mdl 32768] Accuracy: White = 25%, Black = 39%. . Loss on time!?} 0-1

[Event "IMSA Blitz Women 2019"]
[Site "Hengshui"]
[Date "2019.05.17"]
[Round "4.1"]
[White "Stefanova, Antoaneta"]
[Black "Dzagnidze, Nana"]
[Result "1/2-1/2"]
[WhiteElo "2470"]
[BlackElo "2510"]
[Annotator "ChessBase"]
[PlyCount "78"]
[EventDate "2019.05.17"]
[EventType "blitz"]
[EventCountry "CHN"]
[SourceTitle "playchess.com"]
[Source "ChessBase"]
[SourceQuality "1"]
[TimeControl "180+2"]

1. d4 {[%emt 0:00:00]} d5 {[%emt 0:00:00]} 2. Bf4 {[%emt 0:00:01]} Nf6 {[%emt 0:00:05]} 3. e3 {[%emt 0:00:03]} b6 {[%emt 0:00:19]} 4. Nd2 {[%emt 0:00:12]} Bb7 {[%emt 0:00:03]} 5. Bd3 {[%emt 0:00:03]} e6 {[%emt 0:00:03]} 6. Ngf3 {[%emt 0:00:04]} Bd6 {[%emt 0:00:02]} 7. O-O {[%emt 0:00:09]} Bxf4 {[%emt 0:00:14]} 8. exf4 {[%emt 0:00:01]} O-O {[%emt 0:00:03]} 9. Ne5 {[%emt 0:00:06]} c5 {[%emt 0:00:05]} 10. c3 {[%emt 0:00:01]} Ba6 {[%emt 0:00:33]} 11. Bxa6 {[%emt 0:00:08]} Nxa6 {[%emt 0:00:02]} 12. Qf3 {[%emt 0:00:16]} Rc8 {[%emt 0:00:07]} 13. Qd3 {[%emt 0:00:21]} Nb8 {[%emt 0:00:05]} 14. f5 {[%emt 0:00:06]} exf5 {[%emt 0:00:28]} 15. Qxf5 {[%emt 0:00:01]} cxd4 {[%emt 0:00:10]} 16. cxd4 {[%emt 0:00:01]} Nc6 {[%emt 0:00:01]} 17. Ndf3 {[%emt 0:00:04]} Ne7 {[%emt 0:00:03]} 18. Qd3 {[%emt 0:00:04]} Qc7 {[%emt 0:00:07]} 19. h3 {[%emt 0:00:07]} Ng6 {[%emt 0:00:03]} 20. Nxg6 {[%emt 0:00:09]} hxg6 {[%emt 0:00:02]} 21. Rfe1 {[%emt 0:00:33]} Qc2 {[%emt 0:00:11]} 22. Qb3 {[%emt 0:00:10]} Ne4 23. Rf1 Qxb3 {[%emt 0:00:16]} 24. axb3 {[%emt 0:00:01]} a5 {[%emt 0:00:01]} 25. b4 {[%emt 0:00:01]} axb4 {[%emt 0:00:04]} 26. Ra4 {[%emt 0:00:01]} Rc4 {[%emt 0:00:07]} 27. b3 {[%emt 0:00:01]} b5 {[%emt 0:00:18]} 28. Ra5 {[%emt 0:00:12]} Rc3 {[%emt 0:00:01]} 29. Rxb5 {[%emt 0:00:02]} Rxb3 {[%emt 0:00:01]} 30. Rxd5 {[%emt 0:00:01]} Rb2 {[%emt 0:00:01]} 31. Rb5 {[%emt 0:00:04]} Rd8 {[%emt 0:00:11]} 32. Rb7 {[%emt 0:00:02]} f6 {[%emt 0:00:10]} 33. Re1 {[%emt 0:00:04]} Nd6 {[%emt 0:00:02]} 34. Rb6 {[%emt 0:00:13]} Nf5 {[%emt 0:00:01]} 35. Rd1 {[%emt 0:00:05]} b3 {[%emt 0:00:03]} 36. Rd3 {[%emt 0:00:06]} g5 {[%emt 0:00:03]} 37. Rdxb3 {[%emt 0:00:04]} Rxb3 38. Rxb3 {[%emt 0:00:01]} Nxd4 {[%emt 0:00:02]} 39. Nxd4 {[%emt 0:00:03]} Rxd4 {[%emt 0:00:01]} 1/2-1/2

[Event "IMSA Blitz Women 2019"]
[Site "Hengshui"]
[Date "2019.05.17"]
[Round "4.1"]
[White "Abdumalik, Zhansaya"]
[Black "Ushenina, Anna"]
[Result "0-1"]
[WhiteElo "2464"]
[BlackElo "2442"]
[Annotator "RC"]
[PlyCount "154"]
[EventDate "2019.05.17"]
[EventType "blitz"]
[EventCountry "CHN"]
[SourceTitle "playchess.com"]
[Source "ChessBase"]
[SourceQuality "1"]
[TimeControl "180+2"]

1. e4 {[%emt 0:00:00]} c6 {[%emt 0:00:00]} 2. d4 {[%emt 0:00:00]} d5 {[%emt 0:00:00]} 3. e5 {[%emt 0:00:00]} c5 {[%emt 0:00:01]} 4. dxc5 {[%emt 0:00:04]} e6 {[%emt 0:00:00]} 5. a3 {[%emt 0:00:08]} Bxc5 {[%emt 0:00:02]} 6. b4 {[%emt 0:00:02]} Be7 {[%emt 0:00:01]} 7. Bb2 {[%emt 0:00:04]} a5 {[%emt 0:00:01]} 8. b5 {[%emt 0:00:05]} Nh6 {[%emt 0:00:05]} 9. Bd3 {[%emt 0:00:04]} Nd7 {[%emt 0:00:03]} 10. Nf3 {[%emt 0:00:06]} f6 {[%emt 0:00:09]} 11. O-O {[%emt 0:00:11]} Nf7 {[%emt 0:00:01]} 12. exf6 {[%emt 0:00:05]} Bxf6 {[%emt 0:00:01]} 13. Nc3 {[%emt 0:00:15]} Nc5 {[%emt 0:00:05]} 14. Re1 {[%emt 0:00:07]} O-O {[%emt 0:00:03]} 15. Rb1 {[%emt 0:00:07]} Qd6 {[%emt 0:00:05]} 16. Bf1 {[%emt 0:00:13]} a4 {[%emt 0:00:17]} 17. g3 {[%emt 0:00:16]} Bd7 {[%emt 0:00:08]} 18. Bg2 {[%emt 0:00:02]} Rac8 {[%emt 0:00:13]} 19. Nd2 {[%emt 0:00:24]} b6 {[%emt 0:00:20]} 20. Qe2 {[%emt 0:00:05]} Nb7 {[%emt 0:00:09]} 21. Nxa4 {[%emt 0:00:13]} Bxb2 {[%emt 0:00:07]} 22. Nxb2 {[%emt 0:00:05]} Rxc2 {[%emt 0:00:16]} 23. Qd3 {[%emt 0:00:02]} Rfc8 {[%emt 0:00:18]} 24. Na4 {[%emt 0:00:08]} R2c7 {[%emt 0:00:09]} 25. Qe3 {[%emt 0:00:13]} Nc5 {[%emt 0:00:03]} 26. Nxc5 {[%emt 0:00:04]} Qxc5 {[%emt 0:00:04]} 27. a4 {[%emt 0:00:12]} Qxe3 {[%emt 0:00:04]} 28. Rxe3 {[%emt 0:00:01]} Ra8 {[%emt 0:00:02]} 29. Ra3 {[%emt 0:00:05]} Nd6 {[%emt 0:00:05]} 30. Bf1 {[%emt 0:00:08]} Rca7 {[%emt 0:00:10]} 31. Rb4 {[%emt 0:00:16]} Nb7 {[%emt 0:00:04]} 32. Nb3 {[%emt 0:00:03]} Kf7 {[%emt 0:00:13]} 33. f4 {[%emt 0:00:01]} Ke7 {[%emt 0:00:02]} 34. Kf2 {[%emt 0:00:01]} Kd6 {[%emt 0:00:01]} 35. Ke3 {[%emt 0:00:02]} Nc5 {[%emt 0:00:04]} 36. Nxc5 {[%emt 0:00:01]} bxc5 {[%emt 0:00:04]} 37. Rb1 {[%emt 0:00:05]} Rxa4 {[%emt 0:00:02]} 38. Rxa4 {[%emt 0:00:05]} Rxa4 39. b6 {[%emt 0:00:01]} Ra3+ {[%emt 0:00:09]} 40. Kd2 {[%emt 0:00:02]} Ra8 {[%emt 0:00:01]} 41. Bd3 {[%emt 0:00:02]} g6 {[%emt 0:00:02]} 42. Kc3 {[%emt 0:00:02]} Rb8 {[%emt 0:00:03]} 43. h4 {[%emt 0:00:03]} Be8 {[%emt 0:00:09]} 44. g4 {[%emt 0:00:03]} e5 {[%emt 0:00:16]} 45. fxe5+ {[%emt 0:00:01]} Kxe5 {[%emt 0:00:01]} 46. g5 {[%emt 0:00:05]} Kd6 {[%emt 0:00:06]} 47. Ba6 {[%emt 0:00:02]} Bf7 {[%emt 0:00:05]} 48. b7 {[%emt 0:00:04]} d4+ {[%emt 0:00:01]} 49. Kd3 {[%emt 0:00:02]} Bd5 {[%emt 0:00:01]} 50. Rb6+ {[%emt 0:00:03]} Kc7 {[%emt 0:00:06]} 51. Rf6 {[%emt 0:00:02]} Bxb7 {[%emt 0:00:03]} 52. Rf7+ {[%emt 0:00:02]} Kb6 {[%emt 0:00:00]} 53. Bc4 {[%emt 0:00:04]} Ra8 {[%emt 0:00:02]} 54. Rxh7 {[%emt 0:00:01]} Ra3+ {[%emt 0:00:01]} 55. Kd2 {[%emt 0:00:01]} Rc3 {[%emt 0:00:01]} 56. Bd3 {[%emt 0:00:01]} c4 {[%emt 0:00:01]} 57. Bxg6 {[%emt 0:00:01]} Rh3 {[%emt 0:00:02]} 58. Bf5 {[%emt 0:00:02]} Rh2+ {[%emt 0:00:01]} 59. Kd1 {[%emt 0:00:01]} Bf3+ {[%emt 0:00:04]} 60. Ke1 {[%emt 0:00:00]} d3 {[%emt 0:00:02]} 61. Rd7 {[%emt 0:00:02]} Rxh4 {[%emt 0:00:04]} 62. g6 {[%emt 0:00:03]} Rh1+ {[%emt 0:00:08]} 63. Kf2 {[%emt 0:00:01]} Bc6 64. Rd6 {[%emt 0:00:02]} Rh2+ {[%emt 0:00:03]} 65. Ke3 {[%emt 0:00:02]} Rh5 {[%emt 0:00:01]} 66. Be4 {[%emt 0:00:02]} Re5 {[%emt 0:00:02]} 67. Rxc6+ Kb5 68. Rd6 {[%emt 0:00:04]} Kb4 {[%emt 0:00:03]} 69. g7 {[%emt 0:00:02]} Re8 {[%emt 0:00:01]} 70. Rg6 {[%emt 0:00:02]} Rg8 {[%emt 0:00:00]} 71. Bd5 {[%emt 0:00:03]} Re8+ {[%emt 0:00:01]} 72. Kd2 {[%emt 0:00:05]} Re2+ {[%emt 0:00:01]} 73. Kd1 {[%emt 0:00:00]} c3 {[%emt 0:00:01]} 74. Rg1 {[%emt 0:00:06]} c2+ {[%emt 0:00:02]} 75. Kc1 {[%emt 0:00:01]} Kc3 {[%emt 0:00:00]} 76. Rd1 d2+ 77. Rxd2 Re1+ 0-1

[Event "IMSA Blitz Women 2019"]
[Site "Hengshui"]
[Date "2019.05.17"]
[Round "4.1"]
[White "Bodnaruk, Anastasia"]
[Black "Paehtz, Elisabeth"]
[Result "0-1"]
[WhiteElo "2431"]
[BlackElo "2470"]
[Annotator "ChessBase"]
[PlyCount "90"]
[EventDate "2019.05.17"]
[EventType "blitz"]
[EventCountry "CHN"]
[SourceTitle "playchess.com"]
[Source "ChessBase"]
[SourceQuality "1"]
[TimeControl "180+2"]

1. e4 {[%emt 0:00:00]} c5 {[%emt 0:00:00]} 2. Nc3 {[%emt 0:00:00]} a6 {[%emt 0:00:00]} 3. g3 {[%emt 0:00:17]} b5 {[%emt 0:00:01]} 4. Bg2 {[%emt 0:00:00]} Bb7 {[%emt 0:00:00]} 5. d4 {[%emt 0:00:16]} cxd4 {[%emt 0:00:05]} 6. Qxd4 {[%emt 0:00:00]} Nc6 {[%emt 0:00:02]} 7. Qd2 {[%emt 0:00:07]} e6 {[%emt 0:00:03]} 8. b3 {[%emt 0:00:04]} Nf6 {[%emt 0:00:06]} 9. Bb2 {[%emt 0:00:02]} Bb4 {[%emt 0:00:08]} 10. a3 {[%emt 0:00:03]} Ba5 {[%emt 0:00:02]} 11. b4 {[%emt 0:00:18]} Bb6 {[%emt 0:00:03]} 12. Nge2 {[%emt 0:00:29]} Ne5 {[%emt 0:00:05]} 13. Bc1 {[%emt 0:00:23]} Nc4 {[%emt 0:00:03]} 14. Qd3 {[%emt 0:00:04]} Ng4 {[%emt 0:00:05]} 15. O-O {[%emt 0:00:05]} Qf6 {[%emt 0:00:07]} 16. Qf3 {[%emt 0:00:18]} Qxf3 {[%emt 0:00:20]} 17. Bxf3 {[%emt 0:00:01]} Nge5 {[%emt 0:00:01]} 18. Bg2 {[%emt 0:00:02]} Rc8 {[%emt 0:00:01]} 19. a4 {[%emt 0:00:18]} bxa4 {[%emt 0:00:09]} 20. Nxa4 {[%emt 0:00:01]} Ba7 {[%emt 0:00:02]} 21. h3 {[%emt 0:00:08]} d6 {[%emt 0:00:01]} 22. Rd1 {[%emt 0:00:10]} Ke7 {[%emt 0:00:03]} 23. Nd4 {[%emt 0:00:06]} Nb6 {[%emt 0:00:18]} 24. Nb2 {[%emt 0:00:11]} Nbc4 {[%emt 0:00:14]} 25. b5 {[%emt 0:00:09]} a5 {[%emt 0:00:19]} 26. Nxc4 {[%emt 0:00:02]} Nxc4 {[%emt 0:00:02]} 27. c3 {[%emt 0:00:03]} g6 {[%emt 0:00:11]} 28. Ra4 {[%emt 0:00:03]} e5 {[%emt 0:00:10]} 29. Nc2 {[%emt 0:00:10]} Bb6 {[%emt 0:00:02]} 30. Rd3 {[%emt 0:00:06]} f5 {[%emt 0:00:05]} 31. exf5 {[%emt 0:00:01]} Bxg2 {[%emt 0:00:02]} 32. f6+ {[%emt 0:00:01]} Kxf6 {[%emt 0:00:02]} 33. Kxg2 {[%emt 0:00:01]} Ke6 {[%emt 0:00:04]} 34. Ne3 {[%emt 0:00:01]} Bxe3 {[%emt 0:00:08]} 35. fxe3 {[%emt 0:00:01]} e4 {[%emt 0:00:07]} 36. Rd4 {[%emt 0:00:05]} d5 {[%emt 0:00:01]} 37. b6 {[%emt 0:00:03]} Rc6 {[%emt 0:00:06]} 38. b7 {[%emt 0:00:02]} Rb8 {[%emt 0:00:01]} 39. Rdxc4 {[%emt 0:00:03]} Rxc4 {[%emt 0:00:05]} 40. Rxa5 Rxb7 {[%emt 0:00:01]} 41. Ba3 {[%emt 0:00:03]} Rxc3 {[%emt 0:00:05]} 42. Ra6+ {[%emt 0:00:01]} Kf7 {[%emt 0:00:03]} 43. g4 {[%emt 0:00:04]} Rxe3 {[%emt 0:00:02]} 44. Bc5 {[%emt 0:00:02]} Rc3 {[%emt 0:00:06]} 45. Ra2 {[%emt 0:00:03]} Rxc5 {[%emt 0:00:02]} 0-1

[Event "IMSA Blitz Women 2019"]
[Site "Hengshui"]
[Date "2019.05.17"]
[Round "4.2"]
[White "Koneru, Humpy"]
[Black "Tan, Zhongyi"]
[Result "1-0"]
[WhiteElo "2553"]
[BlackElo "2513"]
[Annotator "ChessBase"]
[PlyCount "85"]
[EventDate "2019.05.17"]
[EventType "blitz"]
[EventCountry "CHN"]
[SourceTitle "playchess.com"]
[Source "ChessBase"]
[SourceQuality "1"]
[TimeControl "180+2"]

1. d4 {[%emt 0:00:00]} Nf6 {[%emt 0:00:00]} 2. Nf3 {[%emt 0:00:01]} d5 {[%emt 0:00:01]} 3. c4 {[%emt 0:00:05]} e6 {[%emt 0:00:01]} 4. Nc3 {[%emt 0:00:05]} dxc4 {[%emt 0:00:03]} 5. e4 {[%emt 0:00:02]} Bb4 {[%emt 0:00:01]} 6. Bg5 {[%emt 0:00:03]} c5 {[%emt 0:00:18]} 7. e5 {[%emt 0:00:09]} cxd4 {[%emt 0:00:20]} 8. Nxd4 {[%emt 0:00:02]} Qa5 {[%emt 0:00:11]} 9. exf6 {[%emt 0:00:02]} Bxc3+ {[%emt 0:00:04]} 10. bxc3 {[%emt 0:00:01]} Qxg5 {[%emt 0:00:01]} 11. fxg7 {[%emt 0:00:02]} Qxg7 {[%emt 0:00:02]} 12. Qd2 {[%emt 0:00:01]} Bd7 {[%emt 0:00:19]} 13. Bxc4 {[%emt 0:00:13]} Nc6 {[%emt 0:00:11]} 14. O-O {[%emt 0:00:14]} Nxd4 {[%emt 0:00:05]} 15. cxd4 {[%emt 0:00:07]} Rc8 {[%emt 0:00:06]} 16. Rac1 {[%emt 0:00:24]} Rg8 {[%emt 0:00:21]} 17. g3 {[%emt 0:00:08]} Qg5 {[%emt 0:00:06]} 18. f4 {[%emt 0:00:22]} Qf5 {[%emt 0:00:19]} 19. d5 {[%emt 0:00:15]} h5 {[%emt 0:00:16]} 20. dxe6 {[%emt 0:00:13]} fxe6 {[%emt 0:00:01]} 21. Rfd1 {[%emt 0:00:19]} Rg7 {[%emt 0:00:04]} 22. Bb5 {[%emt 0:00:36]} Qxb5 {[%emt 0:00:10]} 23. Rxc8+ {[%emt 0:00:02]} Bxc8 {[%emt 0:00:01]} 24. Qd8+ {[%emt 0:00:00]} Kf7 {[%emt 0:00:02]} 25. Qxc8 {[%emt 0:00:02]} Qb6+ {[%emt 0:00:09]} 26. Kg2 {[%emt 0:00:07]} Kf6 {[%emt 0:00:12]} 27. Qc3+ {[%emt 0:00:06]} Kg6 {[%emt 0:00:02]} 28. Qe5 {[%emt 0:00:05]} Qc6+ {[%emt 0:00:04]} 29. Kh3 {[%emt 0:00:02]} Kh6 {[%emt 0:00:15]} 30. Rd6 {[%emt 0:00:01]} Qc8 {[%emt 0:00:04]} 31. Rxe6+ {[%emt 0:00:03]} Kh7 {[%emt 0:00:03]} 32. Qe4+ {[%emt 0:00:06]} Kg8 {[%emt 0:00:05]} 33. f5 {[%emt 0:00:01]} Qc1 {[%emt 0:00:03]} 34. Re8+ {[%emt 0:00:02]} Kh7 {[%emt 0:00:02]} 35. f6+ {[%emt 0:00:01]} Kh6 {[%emt 0:00:03]} 36. fxg7 {[%emt 0:00:02]} Qf1+ {[%emt 0:00:01]} 37. Kh4 {[%emt 0:00:02]} Qf6+ {[%emt 0:00:02]} 38. Kh3 {[%emt 0:00:01]} Qf1+ {[%emt 0:00:01]} 39. Qg2 {[%emt 0:00:02]} Qf5+ {[%emt 0:00:02]} 40. g4 {[%emt 0:00:00]} Qd3+ {[%emt 0:00:05]} 41. Qg3 {[%emt 0:00:02]} Qf1+ {[%emt 0:00:01]} 42. Kh4 {[%emt 0:00:02]} Qf6+ {[%emt 0:00:03]} 43. g5+ {[%emt 0:00:01]} 1-0

[Event "IMSA Blitz Women 2019"]
[Site "Hengshui"]
[Date "2019.05.17"]
[Round "4.2"]
[White "Kosteniuk, Alexandra"]
[Black "Lei, Tingjie"]
[Result "1-0"]
[WhiteElo "2546"]
[BlackElo "2507"]
[Annotator "TA"]
[PlyCount "121"]
[EventDate "2019.05.17"]
[EventType "blitz"]
[EventCountry "CHN"]
[SourceTitle "playchess.com"]
[Source "ChessBase"]
[SourceQuality "1"]

{[%evp 10,121,13,18,14,25,27,23,34,33,30,10,15,23,22,23,43,37,50,33,33,21,49,52,50,50,80,22,38,35,80,32,82,37,33,0,0,-30,-23,-42,-56,-112,-118,-150,-128,-136,-133,-163,-65,-78,-70,-68,-75,-77,-74,-132,-79,-62,-101,-143,-124,-258,-227,-344,-337,-307,-333,-292,-301,-281,-269,-369,-283,-404,-383,-387,-366,-416,-137,-110,-8,-10,0,0,0,-62,-57,-74,-58,-102,-93,-255,-236,-272,-278,-290,-275,-495,-480,-392,-74,-83,-96,-84,-75,-100,-36,-36,-36,-36,1956,1975,29982,29983]} 1. e4 e5 2. Nf3 Nc6 3. Bc4 Bc5 4. d3 Nf6 5. Bg5 h6 6. Bh4 Be7 {C50: Hungarian Defence and Giuoco Pianissimo} 7. Bg3 d6 8. a4 a5 {White has an edge.} 9. h3 O-O 10. Nc3 $146 ({Predecessor:} 10. O-O Nh7 11. Nc3 Ng5 12. Nd5 Nxf3+ 13. Qxf3 Be6 14. c3 {0-1 (102) Demchenko,A (2679)-Sanal,V (2490) Skopje 2018}) 10... Be6 11. Bxe6 fxe6 12. O-O Nd4 13. Nxd4 exd4 14. Nb5 e5 15. c3 c6 16. Na3 dxc3 17. bxc3 Kh7 18. d4 (18. Qe2 $16) 18... exd4 $11 (18... Nxe4 19. Qd3 $16) 19. cxd4 Qe8 (19... Nxe4 $2 20. Qd3 $18) 20. Qb1 Nh5 21. e5+ ({Of course not} 21. Qxb7 Nxg3 22. fxg3 Bf6 $15) 21... Kh8 22. exd6 Nxg3 23. dxe7 Ne2+ {[%mdl 64] Double Attack} 24. Kh1 Qxe7 25. Qd3 (25. Nc4 $15 Nxd4 26. Qd3) 25... Nf4 $17 26. Qe3 Qg5 $36 {[%csl Gf4][%cal Rg5g2][%mdl 2048] Keeping White busy.} 27. Qf3 Rad8 28. Rad1 {[#]} Ne6 (28... b5 $1 $19 29. Rfe1 Nd5) 29. Qe4 $15 Qd5 30. Qxd5 Rxd5 31. Nc4 Rf4 32. Rde1 (32. Rfe1 $142 Rfxd4 33. Rxd4 Nxd4 34. Nb6) 32... Nxd4 ({Don't do} 32... Rdxd4 33. Nxa5 Nc5 34. Re7 $15) (32... Rfxd4 $142 33. Nxa5 Rxa5 34. Rxe6 Rdxa4) 33. Re8+ Kh7 34. Ne3 Rd7 35. Ng4 (35. g3 $17 Rff7 36. Ra8) 35... Nf5 36. Rfe1 (36. Rf8 {was called for.} Rd5 37. g3 Rxa4 38. Re1) 36... Rxa4 $19 37. R1e5 Nd6 38. Ra8 Ra1+ 39. Kh2 a4 {[%cal Ba5a4,Ba4a3][%mdl 32]} 40. Re6 Nf7 41. Ree8 (41. h4 $142) 41... a3 42. f4 h5 43. Ne3 Re1 $2 (43... b5 $19 44. Ra5 h4) 44. Rxa3 $17 Nd6 (44... h4 $17 {Threatening ...Rd4.} 45. Rb8 Kg6) 45. Re5 $11 g6 46. Rd3 {Hoping for Nc4!} Rd8 $1 47. Re6 (47. Re7+ $11 Kh8 48. Re6) 47... Nf7 $15 48. Rxd8 Nxd8 {[%mdl 4096] Endgame KRN-KRN} 49. Re7+ Kg8 50. Re8+ $2 (50. Kg3 $17 Kf8 51. Re5) 50... Kf7 $19 51. Re5 Ne6 52. Kg3 Nd4 {White must now prevent ...Rxe3+!} 53. Kf2 $2 (53. Nc4 Rxe5 54. Nxe5+ Kf6 55. Kf2) 53... Re2+ 54. Kf1 Rb2 $2 (54... h4 $19 {is more deadly. Strongly threatening ...b5.} 55. Re4 b5) 55. Nc4 $17 Rb1+ 56. Kf2 Nf5 57. g4 {[#]} hxg4 ({Black should play} 57... Rb4 $1 $17 {[%cal Rb4c4]} 58. Re4 Kf6) 58. hxg4 $15 Rb4 59. Re4 {Threatens to win with Ne5+.} b5 $2 {[%mdl 8192]} (59... Kf8 $15) 60. Ne5+ $18 {[%mdl 64] Double Attack, Discovered Attack} Ke6 61. gxf5+ {Accuracy: White = 47%, Black = 43%.} 1-0